LEADER 03428nam 22004693 450 001 9911020194803321 005 20250712060314.0 010 $a1-394-24765-6 010 $a1-394-24763-X 035 $a(MiAaPQ)EBC32204465 035 $a(Au-PeEL)EBL32204465 035 $a(CKB)39620864700041 035 $a(OCoLC)1527615985 035 $a(BIP)118207108 035 $a(BIP)117930818 035 $a(EXLCZ)9939620864700041 100 $a20250712d2025 uy 0 101 0 $aeng 135 $aurcnu|||||||| 181 $ctxt$2rdacontent 182 $cc$2rdamedia 183 $acr$2rdacarrier 200 10$aWater Splitting 205 $a1st ed. 210 1$aNewark :$cJohn Wiley & Sons, Incorporated,$d2025. 210 4$dİ2025. 215 $a1 online resource (333 pages) 311 08$a1-394-24762-1 330 $aWater Splitting is essential for anyone looking to stay at the cutting edge of hydrogen production and renewable energy, as it provides a thorough exploration of the latest advancements and interdisciplinary approaches to addressing global energy challenges. Water splitting for the production of hydrogen is a rapidly evolving field at the forefront of interdisciplinary research and industrial development. It encompasses the integration of multiple scientific disciplines, including chemistry, physics, materials science, engineering, and environmental science, to address the global energy challenge and transition towards a sustainable future. The integration of water splitting with other renewable energy sources, such as solar and wind, presents opportunities for the development of integrated systems and the establishment of a hydrogen economy. The ability to store and utilize hydrogen as a versatile energy carrier has the potential to revolutionize transportation, power generation, and industrial applications, enabling a transition away from fossil fuels and reducing carbon emissions. Water Splitting provides a comprehensive exploration of water splitting, starting with the foundational principles of thermodynamics and kinetics, crucial for understanding hydrogen production. It covers diverse methods and catalysts, emphasizing material selection and reaction optimization, and explores recent innovations in materials and catalysts tailored for water splitting, highlighting synthesis techniques, functional materials, and nanotechnology integration. A significant portion of the book is dedicated to water photoelectrochemistry, analyzing semiconductor materials, photoelectrode design, and solar-to-hydrogen conversion strategies. The book delves into integrated systems, advanced reactors, and the role of artificial intelligence, machine learning, and big data in enhancing water splitting technologies. Water Splitting addresses gaps in current resources, focusing on cutting-edge advancements and ensuring researchers stay informed and prepared to contribute to the field's progress. 606 $aTECHNOLOGY & ENGINEERING / Materials Science / General$2bisacsh 615 7$aTECHNOLOGY & ENGINEERING / Materials Science / General 700 $aInamuddin$0847455 701 $aAltalhi$b Tariq$01837387 701 $aLuqman$b Mohammad$01838983 701 $aCruz$b Jorddy Neves$01425689 801 0$bMiAaPQ 801 1$bMiAaPQ 801 2$bMiAaPQ 906 $aBOOK 912 $a9911020194803321 996 $aWater Splitting$94420836 997 $aUNINA